Análisis y gestión del riesgo de interés
Guardat en:
| Autors principals: | , |
|---|---|
| Altres autors: | |
| Format: | Llibre |
| Idioma: | espanyol |
| Publicat: |
Barcelona
Ariel
1992
|
| Edició: | 1a. ed |
| Col·lecció: | Ariel Economía
|
| Matèries: | |
| Etiquetes: |
Afegir etiqueta
Sense etiquetes, Sigues el primer a etiquetar aquest registre!
|
MARC
| LEADER | 00000nam a2200000 a 4500 | ||
|---|---|---|---|
| 001 | UCL9419 | ||
| 003 | CL-VaPUC | ||
| 008 | 040806e19920000SP |||||||||||||||||spa|d | ||
| 020 | |a 8434420759 | ||
| 082 | 0 | 4 | |a 332.645 |b MEN |2 21 |
| 100 | |a Meneu, Vicente |e autor |9 487247 | ||
| 700 | 0 | |a Barreira, María Teresa |e author |9 487248 | |
| 700 | |a Navarro, Eliseo |e autor |9 534583 | ||
| 245 | 1 | 0 | |a Análisis y gestión del riesgo de interés |
| 250 | |a 1a. ed | ||
| 300 | |a 228 p | ||
| 942 | |c BK | ||
| 945 | |d 20040806 00:00:00 |a cmena | ||
| 260 | |a Barcelona |b Ariel |c 1992 | ||
| 650 | 0 | |a Administración financiera |9 261146 | |
| 650 | 0 | |a Inversiones |9 345867 | |
| 650 | 0 | |a Inversiones de capital |9 271545 | |
| 650 | 0 | |a Sistema financiero |9 337931 | |
| 650 | 0 | |a Contratos |9 255153 | |
| 583 | |a last modification |c 20040806 00:00:00 |k Rodrigo Vera | ||
| 490 | 0 | |a Ariel Economía | |
| 999 | |c 310213 |d 310211 | ||
| 952 | |0 0 |1 0 |4 0 |6 332_645000000000000_MEN_1992 |7 0 |8 A |9 378471 |a BIBDER |b BIBDER |d 2019-11-21 |i 4046455 |o 332.645 MEN 1992 |p 4046455 |r 2023-01-25 |w 2019-11-21 |y BK |k DER | ||